Statistiques concernant Communes de l'arrondissement d'Erstein

Cliquez ici pour prendre le quiz!

Statistiques générales

  • Ce quiz a été pris 11 fois
  • Le résultat moyen est 22 sur 50

Statistiques - réponses

Code INSEECommune/Gmeinde% Correct
67130Erstein
67%
67285Matzenheim
67%
67028Benfeld
56%
67055Boofzheim
56%
67060Bourgheim
56%
67216Huttenheim
56%
67233Kertzfeld
56%
67329Niedernai
56%
67336Nordhouse
56%
67364Osthouse
56%
67397Rhinau
56%
67433Sand
56%
67504Valff
56%
67526Westhouse
56%
67086Daubensand
44%
67124Entzheim
44%
67131Eschau
44%
67137Fegersheim
44%
67146Friesenheim
44%
67152Geispolsheim
44%
67164Goxwiller
44%
67192Herbsheim
44%
67197Hindisheim
44%
67200Hipsheim
44%
67212Holtzheim
44%
67218Illkirch-Graffenstaden
44%
67246Kogenheim
44%
67248Krautergersheim
44%
67266Limersheim
44%
67268Lipsheim
44%
67286Meistratzheim
44%
67348Obernai
44%
67378Plobsheim
44%
67412Rossfeld
44%
67438Schaeffersheim
44%
67501Uttenheim
44%
67545Witternheim
44%
67557Zellwiller
44%
67031Bernardswiller
33%
67154Gerstheim
33%
67217Ichtratzheim
33%
67223Innenheim
33%
67267Lingolsheim
33%
67338Obenheim
33%
67365Ostwald
33%
67464Sermersheim
33%
67049Blaesheim
22%
67054Bolsenheim
22%
67108Duppigheim
22%
67112Duttlenheim
22%

Distribution des résultats

Percentile par nombre de réponses

% des personnes avec chaque résultat

Votre développement - résultats

Vous n’avez pas pris ce quiz